00385 a2200133 4500020002600000035001300026037004500039082000600084100002200090245005100112260004400163300002300207490002100230 a9780007151660c575.60 aB-211613 bRP-ZLS-2783 / UBH-07-08:6 / RP-07-08:ENG14aN1 aChristies, Agatha1 aThe man in the brown suitcby Agatha Christies aLondonbHarper Collins Publishersc2002 a381 pc18 cm (pbk) aAgatha Christies